000 02107nam0a2200373 4500
001 RU\NLR\bibl\1276612
005 20260406064605.0
010 _a978-5-91134-261-6
_92000
021 _aRU
_b2008-64368
_93663
035 _a(NLR Aleph) 001262437
090 _a387669
_c387669
100 _a20080923d2009 |||y0rusy50 ca
101 0 _arus
102 _aRU
105 _ay |||||||||
200 1 _aЭтика деловых отношений
_eучебное пособие для студентов образовательных учреждений среднего профессионального образования
_fМ.А. Блюм, Б.И. Герасимов, Н.В. Молоткова
210 _aМосква
_cФОРУМ
_d2009 [т. е. 2008]
215 _a222, [1] с.
_d22
225 1 _aПрофессиональное образование
_iBusiness
300 _aНа 4-й с. обл. авт.: Блюм М.А., к.п.н., доц., Герасимов Б.И., д.т.н., д.э.н., проф., засл. работник высш. школы Рос. Федерации, акад. Междунар. Акад. науки и практики орг. пр-ва, Молоткова Н.В., д.п.н., проф.
300 _aКн. фактически изд. в 2008 г.
320 _aБиблиогр.: с. 204-205 (31 назв.)
606 1 _aДеловая этика
_jУчебные издания для высших учебных заведений
_92213569
_3RU\NLR\auth\661329630
686 _aЮ705.4я723
686 _aС550.422.1я723
700 1 _aБлюм
_bМ. А.
_gМарина Анатольевна
_4070
701 1 _4070
_8rus
_7ca
_aГерасимов
_bБ. И.
_cд-р техн. наук, д-р экон. наук
_f1947-
_gБорис Иванович
_3RU\NLR\auth\7724015
_97067
701 1 _4070
_8rus
_7ca
_aМолоткова
_bН. В.
_gНаталия Вячеславовна
_3RU\NLR\auth\77120369
_9103294
801 0 _aRU
_bNLR
_c20080923
_gRCR
801 1 _aRU
_bNLR
_c20080923
830 _aавт. по кн.
942 _cBOOK
980 _aNB